000 00245nam a22000977a 4500
999 _c11647
_d11647
008 191015b ||||| |||| 00| 0 eng d
020 _a9789352831647
100 _aChowdhry
_97350
245 _aSocial Sciences-X
260 _aNew Delhi
_bS Chand
_c2017